000 00349nam a2200145 i 4500
001 bg
245 0 0 _aBolsaja Sovetskaja Enciklopedija.
_nT. 29,
_pCagan - Eks-Le-Ben.
260 _aMoskva,
_c1978.
650 9 _aEncyklopedia rosyjska
040 _cBPK
041 _apol
080 _a03
942 _cKS
008 s pl f |000 0 pol
999 _c18266
_d18266
856 _uhttp://koha.tu.koszalin.pl/cgi-bin/koha/opac-detail.pl?biblionumber=18266
_yKatalog online BPK